[Event "Gatineau Outaouais op U1900"]
[Site "Gatineau"]
[Date "2014.06.??"]
[Round "4"]
[White "Poirier, Alexis"]
[Black "Poirier, Martin"]
[Result "0-1"]
[WhiteElo "1577"]
[BlackElo "1540"]
[PlyCount "52"]
[EventDate "2014.06.??"]
[EventType "swiss"]
[EventRounds "5"]
[EventCountry "CAN"]
[SourceTitle "EXT 2022"]
[Source "ChessBase"]
[SourceDate "2021.10.06"]
[SourceVersion "1"]
[SourceVersionDate "2021.10.06"]
[SourceQuality "1"]

1. e4 e6 2. d4 d5 3. Nc3 Bb4 4. e5 c5 5. a3 Bxc3+ 6. bxc3 Ne7 7. Nf3 Qc7 8. Bd3 Nbc6 9. Bd2 c4 10. Be2 Bd7 11. 0-0 Nf5 12. Qc1 0-0-0 13. Qb2 Nce7 14. Rfb1 Ba4 15. Bg5 h6 16. Bd2 g5 17. Ra2 b5 18. Ne1 Ng6 19. g3 Rdf8 20. Bh5 Ng7 21. Bf3 f6 22. exf6 Rxf6 23. Qb4 Rhf8 24. Kg2 a5 25. Qc5 Qxc5 26. dxc5 Ne5 0-1